MANAGEMENT GUIDE FOR ENGINEER'S AND TECHNICAL ADMINISTRATION (Record no. 580708)
[ view plain ]
| 000 -LEADER | |
|---|---|
| fixed length control field | 00315nam a22001217a 4500 |
| 020 ## - INTERNATIONAL STANDARD BOOK NUMBER | |
| International Standard Book Number | 07-010794-7 |
| 082 ## - DEWEY DECIMAL CLASSIFICATION NUMBER | |
| Classification number | 658 CHI'M |
| 100 ## - MAIN ENTRY--PERSONAL NAME | |
| Personal name | CHIRONIS, NICHOLAS P |
| 9 (RLIN) | 75253 |
| 245 ## - TITLE STATEMENT | |
| Title | MANAGEMENT GUIDE FOR ENGINEER'S AND TECHNICAL ADMINISTRATION |
| 260 ## - PUBLICATION, DISTRIBUTION, ETC. | |
| Place of publication, distribution, etc. | NEWYORK |
| Name of publisher, distributor, etc. | MCGRAW HILL |
| Date of publication, distribution, etc. | 1969 |
| 300 ## - PHYSICAL DESCRIPTION | |
| Extent | 376P |
| 942 ## - ADDED ENTRY ELEMENTS (KOHA) | |
| Koha item type | Book |
| Withdrawn status | Lost status | Damaged status | Not for loan | Permanent Location | Current Location | Shelving location | Date acquired | Total Checkouts | Full call number | Barcode | Date last seen | Price effective from | Koha item type |
|---|---|---|---|---|---|---|---|---|---|---|---|---|---|
| College of Electrical & Mechanical Engineering (CEME) | College of Electrical & Mechanical Engineering (CEME) | General Stacks | 05/17/2017 | 658 CHI'M | CEME-15087 | 06/28/2021 | 06/28/2021 | Book |
